000 00715nam a2200205Ii 4500
003 JO-AjNU
008 230605s9999||||xx |||||||||||||| ||und||
040 _aJO-AjNU
_bara
_erda
_cJO-AjNU
041 _aara
050 1 4 _aGN269.R383 2006
100 3 _aتاليف الراوي، مسارع حسن,
_eauthor
_918583
245 0 0 _aمكونات الطبيعة البشرية عبر التاريخ وموقف الاسلام من الانسان
250 _aط2
264 3 1 _aبغداد: دار الياقوت، 2006
300 _a220ص
336 _atext
_btxt
_2rdacontent
337 _aunmediated
_bn
_2rdamedia
338 _avolume
_bnc
_2rdacarrier
650 4 _aالطبيعة البشرية-الاسلام
_918584
999 _aA5971
_c9539
_d9539